00430nam a2200145Ia 4500003000900000008004100009040001600050080001800066100001800084245010300102250001200205260003400217300001500251650001800266IN-BaIIA211028s9999 xx 000 0 eng d cIIA Library a532.5bRAM-II aRamsey, A. S. 2aA treatise on hydromechanicsbpt. IIcRamsey, A. S  a5th ed. aLondonbG.Bell and Sonsc1942 axii, 415p. aHydrodynamics